Cuộc sống ở trước mặt

"Cuộc sống ở trước mắt" là một câu chuyện tình đẹp như mọi điều không thể khác , một trong những điều kỳ diệu mà văn chương mới biết cách tạo ra. Câu chuyện tình yêu không thể có giữa Momo và Madame Rosa . Tình yêu không phân b...

詳細記述

保存先:
書誌詳細
第一著者: Gary, Romain
フォーマット: 図書
言語:Undetermined
出版事項: Hà Nội Hội Nhà văn 2010
主題:
タグ: タグ追加
タグなし, このレコードへの初めてのタグを付けませんか!
Thư viện lưu trữ: Trung tâm Học liệu Trường Đại học Cần Thơ
LEADER 01041nam a2200205Ia 4500
001 CTU_154695
008 210402s9999 xx 000 0 und d
020 |c 44000 
082 |a 840 
082 |b G212 
100 |a Gary, Romain 
245 0 |a Cuộc sống ở trước mặt 
245 0 |c Romain Gary, Hồ Thanh Vân 
260 |a Hà Nội 
260 |b Hội Nhà văn 
260 |c 2010 
520 |a "Cuộc sống ở trước mắt" là một câu chuyện tình đẹp như mọi điều không thể khác , một trong những điều kỳ diệu mà văn chương mới biết cách tạo ra. Câu chuyện tình yêu không thể có giữa Momo và Madame Rosa . Tình yêu không phân biệt quốc gia , tuổi tác và cân nặng, đã tạo nên một tình yêu không thể có . 
650 |a Stories, French ( vietnamese) 
904 |i Diễm Châu 
980 |a Trung tâm Học liệu Trường Đại học Cần Thơ